| 000 | 00479nam a22001817a 4500 | ||
|---|---|---|---|
| 003 | CEME | ||
| 005 | 20210628202153.0 | ||
| 008 | 210128b xxu||||| |||| 00| 0 eng d | ||
| 020 | _a1-58503-113-5 | ||
| 040 | _c. | ||
| 082 | _a620.0042 TOO | ||
| 100 |
_aToogood, Roger _958576 |
||
| 245 | _aPro engineer wildfire,tutorial and multimedia cd | ||
| 260 |
_aNEW YORK _bSDC PUBLICATIONS _c2003 |
||
| 300 | _aXI,280 P | ||
| 650 |
_aPRO ENGINEER WILDFIRE _958577 |
||
| 942 |
_cBK _2ddc |
||
| 999 |
_c568744 _d568744 |
||